00936cam a22003133a 45000010005000000030006000050050017000110080041000280400015000690420007000840500007000911000028000982450065001262600029001915060030002205160020002506530011002706530022002816530033003036530027003366530027003636530027003906530036004178300028004538560041004819420007005229990019005299520074005485824PGUSA20140828083125.0040620s2004||||xxu|||||s|||||000 1 eng d aPGUSAbeng adc 4aPS1 aTwain, Mark,d1835-191014aThe Gilded Age, Part 7.h[electronic resource] /cMark Twain bProject Gutenberg,c2004 aPublic domain in the USA. aElectronic text aSatire aPolitical fiction aWashington (D.C.) -- Fiction aLegislators -- Fiction aSpeculation -- Fiction aBusinessmen -- Fiction aPolitical corruption -- Fiction 0aProject Gutenbergv582440uhttp://www.gutenberg.org/ebooks/5824 cEB c235152d235152 001040aGTBbGTBd2014-08-28l0r2014-08-28 00:00:00w2014-08-28yEB